000 01420nam a22002177a 4500
999 _c59184
_d59184
003 Ge_BSU
005 20221202140049.0
008 221202s1972ge xxu||||| |||| 00| 0 geo d
041 _ageo
080 _a821.353.1-32 რ-17
100 _aრაზიკაშვილი, თედო, 1869-1922, ავტორი.
_916319
245 _aთხზულებანი : 2
_b ტომად. ტ. 2, მოთხრობები /
_c თედო რაზიკაშვილი ; [გამოსაც. მოამზადა ს. ყუბანეიშვილმა ; სარედ. კოლ.: რ. ინაშვილი, ნ. კეცხოველი, დ. ლორთქიფანიძე და სხვ.
264 _aთბილისი :
_bნაკადული,
_c1972.
300 _a243 გვ.
_b20 სმ.
440 _aქართული საყმაწვილო ლიტერატურის ბიბლიოთეკა
_916322
501 _aშენიშვნები: გვ. 222-227. ლექსიკონი: გვ. 228-242.
653 _aთხზულებანი : 2 ტომად.
700 _aყუბანეიშვილი, ს
_eგამოსაცემად მოამზადა
_916320
700 _aინაშვილი, რ.
_eსარედაქციო კოლეგია
_916321
942 _2udc
_cBK